Top Scorers Of UEFA Europa League Per Season - Statistics

General Stats
  • This quiz has been taken 30 times
  • The average score is 15 of 72
Answer Stats
Season Answer Club Goals % Correct
2019/2020 Bruno Fernandes Sporting CB / Manchester United 8
92%
2017/2018 Ciro Immobile Lazio 8
92%
2010/2011 Radamel Falcao Porto 17
80%
2011/2012 Radamel Falcao Atletico Madrid 12
80%
2014/2015 Romelu Lukaku Everton 8
72%
2018/2019 Olivier Giroud Chelsea 11
68%
2004/2005 Alan Shearer Newcastle 11
64%
2015/2016 Aritz Aduriz Athletic Bilbao 10
64%
2017/2018 Aritz Aduriz Athletic Bilbao 8
64%
2016/2017 Edin Dzeko Roma 8
64%
2020/2021 Gerard Moreno Villareal 7
52%
2021/2022 James Tavernier Rangers 7
48%
1995/1996 Jürgen Klinsmann Bayern München 15
44%
2007/2008 Luca Toni Bayern München 10
44%
2008/2009 Vagner Love CSKA Moscow 11
40%
1972/1973 Jupp Heynckes Borussia Mönchengladbach 12
36%
1974/1975 Jupp Heynckes Borussia Mönchengladbach 10
36%
2009/2010 Oscar Cardozo Benfica 9
32%
1990/1991 Rudi Völler Roma 10
32%
1998/1999 Enrico Chiesa Parma 8
28%
1978/1979 Allan Simonsen Borussia Mönchengladbach 9
24%
2009/2010 Claudio Pizarro Werden Bremen 9
24%
2020/2021 Yusuf Yazici Lille 7
24%
2013/2014 Jonathan Soriano Red Bull Salzburg 8
20%
2020/2021 Pizzi Benfica 7
20%
1998/1999 Darko Kovacevic Real Sociedad 8
16%
1999/2000 Darko Kovacevic Juventus 10
16%
1993/1994 Dennis Bergkamp Inter Milan 8
16%
2002/2003 Derlei Porto 12
16%
1996/1997 Maurizio Ganz Inter Milan 8
16%
1997/1998 Stephane Guivarc'h Auxerre 7
16%
1979/1980 Dieter Hoeneß Bayern München 7
12%
1994/1995 Ulf Kirsten Bayer Lewerkusen 10
12%
2000/2001 Dimitar Berbatov CSKA Sofia 7
8%
1980/1981 John Wark Ipswich Town 14
8%
1989/1990 Karl-Heinz Riedle Werder Bremen 6
8%
2012/2013 Libor Kozac Lazio 8
8%
2007/2008 Pavel Pogrebnyak Zenit Saint Petersburg 10
8%
2003/2004 Sonny Anderson Villareal 6
8%
2014/2015 Alan Red Bull Salzburg 8
4%
2020/2021 Borja Majoral Roma 7
4%
1991/1992 Dean Saunders Liverpool 9
4%
1987/1988 Dimitris Saravakos Panathinaikos 6
4%
1993/1994 Edgar Schmidt Karlsruher SC 8
4%
2016/2017 Giuliano Zenit San Petersburg 8
4%
2001/2002 Pierre van Hooijdook Feyenoord 8
4%
1975/1976 Ruud Geels Ajax 14
4%
1976/1977 Stan Bowles Queens Park Rangers 11
4%
1998/1999 Tomasz Kulawik Wisla Krakow 8
4%
1981/1982 Torbjörn Nilsson IFK Göteborg 9
4%
2006/2007 Walter Pandiani Espanyol 11
4%
1982/1983 Zoran Filipovic Benfica 8
4%
2000/2001 Bolo Rajo Vallecano 7
0%
1984/1985 Edin Bahtic Zeljo 7
0%
1989/1990 Falko Götz 1 FC Köln 6
0%
1984/1985 Gary Bannister Oueens Park Rangers 7
0%
1992/1993 Gèrarld Baticle Auxerre 8
0%
1977/1978 Gerrie Deijkers PSV Edinhoven 8
0%
1979/1980 Harald Nickel Borussia Mönchenglabach 7
0%
1972/1973 Jan Jeuring Twente 12
0%
1986/1987 Jari Rantanen IFK Göteborg 5
0%
1987/1988 Kenneth Brylle Larsen Club Brugge 6
0%
1985/1986 Klaus Allofs 1 FC Köln 9
0%
1973/1974 Lex Schoenmaker Feyenoord 11
0%
1971/1972 Ludwig Bründl Eintracht Braunschweig 10
0%
2005/2006 Matias Delgado Basel 9
0%
1986/1987 Paulihno Cascavel Vitoria de Guimaraes 5
0%
1986/1987 Peter Houtman Groningen 5
0%
1977/1978 Raimondo Ponte Grasshopper 8
0%
1983/1984 Tibor Nyilasi Austria Wien 9
0%
1988/1989 Torsten Gütschow Dynamo Dresden 7
0%
1986/1987 Wim Kieft Torino 5
0%
No matching quizzes found
Score Distribution
Percent of People with Each Score
Percentile by Number Answered
Your Score History
You have not taken this quiz